000 01462nam2a2200313 4500
001 RU\NLR\bibl\107945
005 20250617090610.0
010 _a5-8365-0041-Х
_9530
021 _aRU
_b2000-17448
_9831
035 _a(NLR Aleph) 000105654
090 _a598059
_c598059
100 _a20000913d2000 |||y0rusy50 ca
101 0 _arus
_deng
102 _aRU
105 _aa |||||||||
200 1 _aРасчетная и эксплуатационная надежность
_dCalculated and operational reliability
210 _d2000
_aБ. м.
215 _a243,[1] с.
_cил.
300 _aРез. на англ. яз.
320 _aБиблиогр.: с. 233-242 (198 назв.)
461 0 _1001RU\NLR\bibl\113970
_12001#$aРаботоспособность трубопроводов$vЧ. 1
_9633110
_cМ.
_d2000
_fЕ.Е. Зорин, Г.А. Ланчаков, А.И. Степаненко, А.В. Шибнев
_lServiceability of pipelines
_nНедра
_o[В 3 ч.]
_tРаботоспособность трубопроводов
_y5-8365-0040-1
_vЧ. 1
606 0 _aТрубопроводы магистральные
_xНадежность
_91820476
_3RU\NLR\auth\661114692
606 0 _aТрубопроводный транспорт
_xТрубопроводы
_xНадежность
_92181850
_3RU\NLR\auth\661312019
801 0 _aRU
_bNLR
_c20000913
_gPSBO
801 1 _aRU
_bNLR
_c20000913
852 _aNLR
_j2000-5/3117
942 _cBOOK
980 _aNB